000 00629nam a2200205 i 4500
001 bgj
100 1 _aSHAKESPEARE, William
_d(1564-1616)
245 1 0 _aThe Riverside Shakespeare /
_cG. Blakemore Evans, textual editor.
260 _aBoston :
_bHoughton Mifflin Company,
_cc. 1974.
300 _aXVI, 1927, [31 plates], pp :
_bill. ;
_c26 cm.
504 _aBibliography p. 1895-1905.
505 _aIncludes indexes.
700 1 _aEVANS, [Gwynne] Blakemore
_d(1912- ).
_eed.
020 _a0395044022
040 _cBPK
041 0 _aeng
920 _a0-395-04402-2
942 _cKS
008 s uk f |000 0 eng
999 _c47661
_d47661
856 _uhttp://koha.tu.koszalin.pl/cgi-bin/koha/opac-detail.pl?biblionumber=47661
_yKatalog online BPK